00325nam a2200121Ia 4500008004100000041000800041082001500049100001700064245004500081260003600126300003200162365000900194240624s9999 xx 000 0 und d aeng a370.21 TAN aTANNER DAVID aUSING STATISTICS TO MAKE EDUCATIONAL DEC c2012aLondonbSage Publications axxiv, : 522 : p. : cm. ; 23 cb30